The noble scholar, jurist, historian


 His Excellency Dr. Abdul Wahhab bin Ibrahim Abu Sulaiman, may Allah have mercy on him.


 He was born in Umm Al-Qura in the year 1356 AH.

نصب الموائد لذكر الفتاوى والنوادر والفوائد / (Record no. 8850)

MARC details
000 -LEADER
fixed length control field 01921cam a2200301 i 4500
003 - CONTROL NUMBER IDENTIFIER
control field SA-RiAUC
005 - DATE AND TIME OF LATEST TRANSACTION
control field 20250611102848.0
008 - FIXED-LENGTH DATA ELEMENTS--GENERAL INFORMATION
fixed length control field 250605s1993 le g 000 0 ara c
024 0# - OTHER STANDARD IDENTIFIER
Standard number or code 00000000965275
040 ## - CATALOGING SOURCE
Original cataloging agency SA-RiIMS
Language of cataloging ara
Transcribing agency SA-RiAUC
Modifying agency AE-DuMBRL
Description conventions rda
050 #4 - LIBRARY OF CONGRESS CALL NUMBER
Item number .T35 1993
082 04 - DEWEY DECIMAL CLASSIFICATION NUMBER
Classification number 210.2
Assigning agency SA-RiAUC
090 ## - LOCALLY ASSIGNED LC-TYPE CALL NUMBER (OCLC); LOCAL CALL NUMBER (RLIN)
Classification number (OCLC) (R) ; Classification number, CALL (RLIN) (NR) 210.2
Local cutter number (OCLC) ; Book number/undivided call number, CALL (RLIN) ت ل ي
100 1# - MAIN ENTRY--PERSONAL NAME
Personal name التليدي، عبد الله بن عبد القادر بن أحمد،
Dates associated with a name 1926-2017
Relator term مؤلف.
245 10 - TITLE STATEMENT
Title نصب الموائد لذكر الفتاوى والنوادر والفوائد /
Statement of responsibility, etc. عبد الله التليدي.
250 ## - EDITION STATEMENT
Edition statement الطبعة الأولى.
264 #1 - PRODUCTION, PUBLICATION, DISTRIBUTION, MANUFACTURE, AND COPYRIGHT NOTICE
Place of production, publication, distribution, manufacture بيروت :
Name of producer, publisher, distributor, manufacturer دار ابن حزم،
Date of production, publication, distribution, manufacture, or copyright notice 1993.
300 ## - PHYSICAL DESCRIPTION
Extent 172 صفحة ؛
Dimensions 24 × 17 سم
336 ## - CONTENT TYPE
Content type term نص
Content type code txt
Source rdacontent
Materials specified كتاب
337 ## - MEDIA TYPE
Media type term بدون وسيط
Media type code n
Source rdamedia
338 ## - CARRIER TYPE
Carrier type term مجلد
Carrier type code nc
Source rdacarrier
520 ## - SUMMARY, ETC.
Summary, etc. يتناول كتاب (نصب الموائد لذكر الفتاوى والنوادر والفوائد) والذي قام بتأليفه عبد الله التليدي، موضوع (الفتاوى والنوادر والفوائد) الكتاب ضمن الكتب التي درج العلماء المتقدمين والمتأخرين على جمع كتب لذكر الفوائد والفرائد، ونوادر الأخبار، والمستطرفات. وذلك للإستفادة، والعبرة، والتسلية في أوقات الملل. فالكتاب لا يخلو من فائدة علمية، أو عبرة تاريخية، أو نادرة مستطرفة، أو نصيحة موجهة، أو طريفة مسلية.
650 #7 - SUBJECT ADDED ENTRY--TOPICAL TERM
Topical term or geographic name entry element الإسلام
Form subdivision متفرقات
Source of heading or term aucsh
650 #7 - SUBJECT ADDED ENTRY--TOPICAL TERM
Topical term or geographic name entry element الوعظ والإرشاد
Source of heading or term aucsh
942 ## - ADDED ENTRY ELEMENTS (KOHA)
Source of classification or shelving scheme Dewey Decimal Classification
Koha item type Books
Suppress in OPAC No
949 ## - LOCAL PROCESSING INFORMATION (OCLC)
a SA-JeALM
d 250605
u mohamedma123
n 1
Holdings
Withdrawn status Lost status Source of classification or shelving scheme Damaged status Not for loan Home library Current library Date acquired Total checkouts Full call number Barcode Date last seen Price effective from Koha item type
    Dewey Decimal Classification     DR AbdElwahab Library DR AbdElwahab Library 06/11/2025   210.2 ت ل ي 000014530 06/11/2025 06/11/2025 Books
    Dewey Decimal Classification     DR AbdElwahab Library DR AbdElwahab Library 08/09/2025   210.2 ت ل ي 000017410 08/09/2025 08/09/2025 Books
    Dewey Decimal Classification     DR AbdElwahab Library DR AbdElwahab Library 08/09/2025   210.2 ت ل ي 000017411 08/09/2025 08/09/2025 Books